01661nam a22002417a 450000500170000000800400001704000090005704100070006604400070007308200160008010000350009624500580013125000160018926000590020530000320026450505920029652003540088865000330124265000240127565000210129965300550132070000440137520190814115606.0170505b pe||||| |||| 00| 0 spa d aUTEA aEs aPE a370.15bP77 aPonce Chirinos, AlfredoeAutor aPsicología del AprendizajecAlfredo Ponce Chirinos aa edición aLima - PerúbCentro de Educación a Distanciac1987 a112 páginas.c15 x 20 cm. aEl aprendizaje -- Relación entre ejecución y aprendizaje -- Bases fisiológicas del aprendizaje -- Anatomía fisiológica de la corteza cerebral -- Estructural funcional y áreas Corticales -- Territorios corticales de proyección centros receptores -- Bases moleculares del aprendizaje -- Teorías del condicionamiento clásico o reflejo condicionado -- Teorías del aprendizaje instrumental -- Teorías del condicionamiento operante -- Rasgos del condicionamiento operante -- Teoría del modela miento -- Principios fundamentales del condicionamiento clásico y operante aEste libro trata de la definición de psicología educativa. La psicología educativa es una rama de la psicología cuyo objeto de estudio son las formas en las que se produce el aprendizaje humano dentro de los centros educativos. De esta forma, la psicología educativa estudia cómo aprenden los estudiantes y en qué forma se desarrollan. 0aPSICOLOGÍA DEL APRENDIZAJE 0aAPRENDIZAJE ESCOLAR 0aCORTEZA CELEBRAL aEDUCACIÓNaPSICOLOGÍAaAPRENDIZAJEaANATOMÍA aEdilberto N. Saavedra AlemáneCoautor